<?xml version="1.0" encoding="UTF-8"?>
<record
    xmlns:xsi="http://www.w3.org/2001/XMLSchema-instance"
    xsi:schemaLocation="http://www.loc.gov/MARC21/slim http://www.loc.gov/standards/marcxml/schema/MARC21slim.xsd"
    xmlns="http://www.loc.gov/MARC21/slim">

  <leader>04203cam a2200337   4500500</leader>
  <controlfield tag="005">20260517000324.0</controlfield>
  <datafield tag="041" ind1=" " ind2=" ">
    <subfield code="a">fre</subfield>
  </datafield>
  <datafield tag="042" ind1=" " ind2=" ">
    <subfield code="a">dc</subfield>
  </datafield>
  <datafield tag="100" ind1="1" ind2="0">
    <subfield code="a">Ridde, Val&#xE9;ry</subfield>
    <subfield code="e">author</subfield>
  </datafield>
  <datafield tag="700" ind1="1" ind2="0">
    <subfield code="a">Dagenais, Christian</subfield>
    <subfield code="e">author</subfield>
  </datafield>
  <datafield tag="700" ind1="1" ind2="0">
    <subfield code="a">Boileau-Falardeau, Mich&#xE8;le</subfield>
    <subfield code="e">author</subfield>
  </datafield>
  <datafield tag="245" ind1="0" ind2="0">
    <subfield code="a">Une synth&#xE8;se exploratoire du courtage en connaissance en sant&#xE9; publique</subfield>
  </datafield>
  <datafield tag="260" ind1=" " ind2=" ">
    <subfield code="c">2013.
							</subfield>
  </datafield>
  <datafield tag="500" ind1=" " ind2=" ">
    <subfield code="a">93</subfield>
  </datafield>
  <datafield tag="520" ind1=" " ind2=" ">
    <subfield code="a">Il est r&#xE9;clam&#xE9; que les politiques et interventions en sant&#xE9; publique soient fond&#xE9;es sur des donn&#xE9;es probantes. Aussi, pour favoriser l&#x2019;utilisation des r&#xE9;sultats de recherche, le recours &#xE0; des courtiers en connaissances est de plus en plus sugg&#xE9;r&#xE9;. Cet article pr&#xE9;sente une synth&#xE8;se exploratoire de l&#x2019;&#xE9;tat des savoirs concernant cette nouvelle strat&#xE9;gie.Nous avons r&#xE9;alis&#xE9; une &#xE9;tude de port&#xE9;e ( scoping study) en consultant les principales banques de donn&#xE9;es. Dix-neuf articles ont &#xE9;t&#xE9; inclus dans l&#x2019;analyse qui a &#xE9;t&#xE9; con&#xE7;ue avec une grille &#xE9;labor&#xE9;e de fa&#xE7;on it&#xE9;rative.La synth&#xE8;se montre que les initiatives de courtage de connaissances comportent i) des activit&#xE9;s de planification (identification des parties prenantes, cr&#xE9;ation de r&#xE9;seaux et partenariats, analyse du contexte, identification des probl&#xE8;mes, identification des besoins), ii) un soutien aux courtiers (formation, aide technique, &#xE9;laboration d&#x2019;un guide de pratique) et iii) les activit&#xE9;s de courtage en soi (gestion de l&#x2019;information, liaison entre producteurs et utilisateurs de connaissances, formation des utilisateurs). Seulement quatre articles pr&#xE9;sentent des donn&#xE9;es empiriques sur les effets des activit&#xE9;s des courtiers. Trois sont associ&#xE9;es &#xE0; une augmentation du niveau de connaissance du public vis&#xE9;. Aucune &#xE9;tude n&#x2019;a d&#xE9;montr&#xE9; d&#x2019;impact sur les comportements cliniques et sur le contenu des politiques publiques.Cette synth&#xE8;se a mis au jour les d&#xE9;fis des initiatives de courtage ainsi que les caract&#xE9;ristiques et habilet&#xE9;s que devraient d&#xE9;tenir un courtier. Si le courtage de connaissances semble prometteur, un effort doit maintenant &#xEA;tre effectu&#xE9; pour qu&#x2019;il soit plus syst&#xE9;matiquement &#xE9;valu&#xE9; afin d&#x2019;apporter des preuves de son efficacit&#xE9;.</subfield>
  </datafield>
  <datafield tag="520" ind1=" " ind2=" ">
    <subfield code="a">An exploratory synthesis of knowledge brokering in public healthThere is a call for public health policies and interventions to be evidence-based. Also, using knowledge brokers to foster the use of research results is increasingly recommended. This article presents an exploratory synthesis of the current state of knowledge on this new strategy.We conducted a scoping study by consulting the main databases. Nineteen articles were included in the analysis, which was designed with a grid developed iteratively.The synthesis shows that knowledge brokering initiatives include i) planning activities (stakeholder identification, creation of networks and partnerships, context analysis, problem identification, needs identification), ii) support to the brokers (training, technical support, development of a practice guide), and iii) the brokerage activities themselves (information management, liaison between knowledge producers and users, training of users). Only four articles presented empirical data on the effects of brokers&#x2019; activities. Three were associated with increased knowledge in the target audience. No study showed any impact on clinical behaviours or on public policy content.This synthesis highlights the challenges involved in knowledge brokering activities, as well as the characteristics and skills a broker should possess. While knowledge brokering appears promising, efforts must now be made to evaluate it more systematically to demonstrate its effectiveness.</subfield>
  </datafield>
  <datafield tag="690" ind1=" " ind2=" ">
    <subfield code="a">connaissance</subfield>
  </datafield>
  <datafield tag="690" ind1=" " ind2=" ">
    <subfield code="a">courtage</subfield>
  </datafield>
  <datafield tag="690" ind1=" " ind2=" ">
    <subfield code="a">courtier</subfield>
  </datafield>
  <datafield tag="690" ind1=" " ind2=" ">
    <subfield code="a">interventions</subfield>
  </datafield>
  <datafield tag="690" ind1=" " ind2=" ">
    <subfield code="a">politiques</subfield>
  </datafield>
  <datafield tag="690" ind1=" " ind2=" ">
    <subfield code="a">transfert</subfield>
  </datafield>
  <datafield tag="690" ind1=" " ind2=" ">
    <subfield code="a">broker</subfield>
  </datafield>
  <datafield tag="690" ind1=" " ind2=" ">
    <subfield code="a">brokering</subfield>
  </datafield>
  <datafield tag="690" ind1=" " ind2=" ">
    <subfield code="a">interventions</subfield>
  </datafield>
  <datafield tag="690" ind1=" " ind2=" ">
    <subfield code="a">knowledge</subfield>
  </datafield>
  <datafield tag="690" ind1=" " ind2=" ">
    <subfield code="a">policies</subfield>
  </datafield>
  <datafield tag="690" ind1=" " ind2=" ">
    <subfield code="a">transfer</subfield>
  </datafield>
  <datafield tag="786" ind1="0" ind2=" ">
    <subfield code="n">Sant&#xE9; Publique | 25 | 2 | 2013-05-29 | p. 137-145 | 0995-3914</subfield>
  </datafield>
  <datafield tag="856" ind1="4" ind2="1">
    <subfield code="u">https://stm.cairn.info/revue-sante-publique-2013-2-page-137?lang=fr&amp;redirect-ssocas=7080</subfield>
  </datafield>
  <datafield tag="999" ind1=" " ind2=" ">
    <subfield code="c">2231321</subfield>
    <subfield code="d">2231321</subfield>
  </datafield>
</record>
